Library Banner

The answer (Record no. 38620)

MARC details
000 -LEADER
fixed length control field 00555nam a2200193Ia 4500
001 - CONTROL NUMBER
control field 39310
008 - FIXED-LENGTH DATA ELEMENTS--GENERAL INFORMATION
fixed length control field 140423s9999 xx 000 0 und d
020 ## - INTERNATIONAL STANDARD BOOK NUMBER
International Standard Book Number 9781416561996
040 ## - CATALOGING SOURCE
Transcribing agency PK-LaUMT
082 ## - DEWEY DECIMAL CLASSIFICATION NUMBER
Classification number 658.409
Item number ASS-A
100 ## - MAIN ENTRY--PERSONAL NAME
Personal name Assaraf, John
245 #4 - TITLE STATEMENT
Title The answer
Remainder of title grow any business, achieve financial freedom, and live an extraordinary life
Statement of responsibility, etc Assaraf, John<>Smith, Murray
260 ## - PUBLICATION, DISTRIBUTION, ETC. (IMPRINT)
Place of publication, distribution, etc New York,USA:
Name of publisher, distributor, etc Atria Books,
Date of publication, distribution, etc 2008
300 ## - PHYSICAL DESCRIPTION
Extent 305 p.
546 ## - LANGUAGE NOTE
Language note EN
650 ## - SUBJECT ADDED ENTRY--TOPICAL TERM
Topical term or geographic name as entry element Success in business
700 ## - ADDED ENTRY--PERSONAL NAME
Personal name Smith, Murray
942 ## - ADDED ENTRY ELEMENTS (KOHA)
Koha item type Books
Holdings
Withdrawn status Lost status Damaged status Not for loan Home library Current library Date acquired Total Checkouts Full call number Barcode Date last seen Price effective from Koha item type
        UMT Main Campus UMT Main Campus 2014-04-23   658.409 ASS-A 42497 2014-05-05 2014-05-05 Books